| 000 | 00000cam 2200000zi 4500 |
| 001 | 9.960276 |
| 003 | CaOODSP |
| 005 | 20260511154504 |
| 006 | m o d f |
| 007 | cr cn||||||||| |
| 008 | 260224t20262026oncad ob f000 0 eng d |
| 020 | |a9780660986029 |
| 040 | |aCaOODSP|beng|erda|cCaOODSP |
| 043 | |an-cn--- |
| 086 | 1 |aFA1-26/2026-1-3E-PDF |
| 110 | 1 |aCanada. |bCommissioner of the Environment and Sustainable Development, |eauthor, |eissuing body. |
| 245 | 10|aClimate resilience of federal assets and services : |bindependent auditor's report. |
| 264 | 1|a[Ottawa] : |bOffice of the Auditor General of Canada = Bureau du vérificateur général du Canada, |c2026. |
| 264 | 4|c©2026 |
| 300 | |a1 online resource (v, 41 pages) : |billustrations, charts. |
| 336 | |atext|btxt|2rdacontent |
| 337 | |acomputer|bc|2rdamedia |
| 338 | |aonline resource|bcr|2rdacarrier |
| 490 | 1 |aReport of the Commissioner of the Environment and Sustainable Development to the Parliament of Canada on behalf of the Auditor General of Canada, |x2561-1801 |
| 500 | |aIssued also in French under title: Résilience aux changements climatiques des actifs et services fédéraux : rapport de l'auditeur indépendant. |
| 500 | |aTitle from cover. |
| 504 | |aIncludes bibliographical references. |
| 520 | |a"This audit focused on whether the Treasury Board of Canada Secretariat led the Greening Government Strategy to enhance the climate resilience of federal assets, services, and activities and whether the selected departments assessed climate change risks and implemented actions to proactively enhance the climate resilience of their assets, services, and activities"--Focus of the audit, page 7. |
| 610 | 10|aCanada. |bTreasury Board|xAuditing. |
| 610 | 10|aCanada. |bDepartment of National Defence|xAuditing. |
| 610 | 10|aCanada. |bPublic Services and Procurement Canada|xAuditing. |
| 610 | 10|aCanada. |bDepartment of Fisheries and Oceans|xAuditing. |
| 650 | 0|aClimate change adaptation|xGovernment policy|zCanada|xAuditing. |
| 775 | 08|tRésilience aux changements climatiques des actifs et services fédéraux : |w(CaOODSP)9.960277 |
| 830 | #0|aReports of the Commissioner of the Environment and Sustainable Development to the Parliament of Canada.|w(CaOODSP)9.842750 |
| 856 | 40|qPDF|s2.88 MB|uhttps://publications.gc.ca/collections/collection_2026/bvg-oag/FA1-26-2026-1-3-eng.pdf |
| 856 | 4 |qHTML|sN/A|uhttps://www.canada.ca/en/auditor-general/our-work/audit-reports/commissioner-environment-sustainable-development-202605-climate-resilience-federal-assets-services.html |